Numerical methods (Record no. 612184)
[ view plain ]
| 000 -LEADER | |
|---|---|
| fixed length control field | 00366nam a22001337a 4500 |
| 020 ## - INTERNATIONAL STANDARD BOOK NUMBER | |
| International Standard Book Number | 9780136250470 |
| 040 ## - CATALOGING SOURCE | |
| Transcribing agency | Nust |
| 082 ## - DEWEY DECIMAL CLASSIFICATION NUMBER | |
| Classification number | 513.5 |
| Author Mark | MAT |
| 100 ## - MAIN ENTRY--PERSONAL NAME | |
| Personal name | John H. Mathews |
| 9 (RLIN) | 126517 |
| 245 ## - TITLE STATEMENT | |
| Title | Numerical methods |
| Remainder of title | For mathematics, Science, and engineering |
| 260 ## - PUBLICATION, DISTRIBUTION, ETC. | |
| Place of publication, distribution, etc. | USA: |
| Name of publisher, distributor, etc. | Prentice Hall, |
| Date of publication, distribution, etc. | 1992. |
| 650 ## - SUBJECT ADDED ENTRY--TOPICAL TERM | |
| Topical term or geographic name entry element | Numerical methods |
| 9 (RLIN) | 56168 |
| 942 ## - ADDED ENTRY ELEMENTS (KOHA) | |
| Source of classification or shelving scheme | |
| Koha item type | Book |
| Withdrawn status | Lost status | Source of classification or shelving scheme | Damaged status | Not for loan | Permanent Location | Current Location | Shelving location | Date acquired | Total Checkouts | Full call number | Barcode | Date last seen | Price effective from | Koha item type |
|---|---|---|---|---|---|---|---|---|---|---|---|---|---|---|
| College of Electrical & Mechanical Engineering (CEME) | College of Electrical & Mechanical Engineering (CEME) | General Stacks | 10/28/2024 | 513.5 MAT | CEME- 31148 | 10/28/2024 | 10/28/2024 | Book |
